Easing the family tax burden : hearing before the Committee on Finance, United States Senate, One Hundred Seventh Congress, first session, March 8, 2001.

Bibliographic Details
Corporate Authors: United States. Congress. Senate. Committee on Finance, ProQuest (Firm)
Format: Government Document eBook
Language:English
Published: Washington : U.S. G.P.O. : 2001.
Series:U.S. Congressional Hearings.
Subjects:
Online Access:Connect to the full text of this electronic book

MARC

Tag First Indicator Second Indicator Subfields
LEADER 00000cam a22000001a 4500
001 in00003263621
006 m d f
007 cr bn mmmapmmp
008 090922s2001 dcua ob f000 0 eng d
005 20260504161331.0
035 |a cis2007473182 
040 |a UMI  |c UMI  |d UtOrBLW 
043 |a n-us--- 
074 |a 1038-A 
074 |a 1038-B (MF) 
086 0 |a Y 4.F 49:S.HRG.107-170 
099 |a HRG-2001-FNS-0041 
110 1 |a United States.  |b Congress.  |b Senate.  |b Committee on Finance. 
245 1 0 |a Easing the family tax burden :  |b hearing before the Committee on Finance, United States Senate, One Hundred Seventh Congress, first session, March 8, 2001. 
264 1 |a Washington :  |b U.S. G.P.O. :  |c 2001. 
264 2 |a Washington :  |b For sale by the Supt. of Docs., U.S. G.P.O., [Congressional Sales Office], 
300 |a 1 online resource. 
336 |a text  |b txt  |2 rdacontent 
337 |a computer  |b c  |2 rdamedia 
338 |a online resource  |b cr  |2 rdacarrier 
490 1 |a S. hrg. ;  |v 107-170 
500 |a Record is based on bibliographic data in ProQuest Congressional Hearings Digital Collection. Reuse except for individual research requires license from ProQuest, LLC. 
504 |a Includes bibliographical references. 
538 |a System requirements: PDF reader software. 
500 |a Electronic resource. 
650 0 |a Alternative minimum tax  |x Law and legislation  |z United States. 
650 0 |a Families  |x Taxation  |x Law and legislation  |z United States. 
650 0 |a Tax incidence  |z United States. 
655 7 |a Electronic books.  |2 local 
710 2 |a ProQuest (Firm) 
776 0 8 |i Print version:  |a United States. Congress. Senate. Committee on Finance.  |t Easing the family tax burden  |w (DLC)2001432441  |w (OCoLC)ocm48749626 
776 0 8 |i Microfiche version:  |a United States. Congress. Senate. Committee on Finance.  |t Easing the family tax burden.  |d [Bethesda, Md.] : ProQuest,[2004]  |o CIS 2001 S361-39  |w (ProQuest)cis00101837 
810 1 |a United States.  |b Congress.  |b Senate.  |t S. hrg. ;  |v 107-170. 
830 0 |a U.S. Congressional Hearings. 
856 4 0 |u http://proxy.library.tamu.edu/login?url=https://congressional.proquest.com/congcomp/getdoc?HEARING-ID=HRG-2001-FNS-0041  |z Connect to the full text of this electronic book  |t 0 
998 |a cis00101837 
999 |a MARS 
999 f f |s 0e6b081f-4795-336e-a85d-596112c90e27  |i 1fff816b-fca7-31d5-953c-dc8406df522f  |t 0 
952 f f |a Texas A&M University  |b College Station  |c Electronic Resources  |s www_evans  |d Available Online  |t 0  |e HRG-2001-FNS-0041  |h Other scheme 
998 f f |a HRG-2001-FNS-0041  |t 0  |l Available Online